| 000 | 00649nam a22002297a 4500 | ||
|---|---|---|---|
| 005 | 20241207105558.0 | ||
| 008 | 241207b ||||| |||| 00| 0 eng d | ||
| 020 | _a9788194625728 | ||
| 040 | _cAL | ||
| 041 | _aeng | ||
| 082 |
_223 _a657.42 _bSHAC |
||
| 100 |
_aS Shalini _9188596 |
||
| 245 | _aCost and Management Accounting | ||
| 260 |
_aBengaluru _bMPP House _c2023 |
||
| 300 |
_a315p. _bPB _c23x15cm. |
||
| 365 |
_2Law _a1060 _b328.50 _c₹ _d450.00 _e27% _f28-11-2024 |
||
| 650 |
_aBudgetory Control _9188597 |
||
| 650 |
_aStandard Costing _9188598 |
||
| 650 |
_aManagement Audit _9188599 |
||
| 700 |
_aSHALINI (S) _9188600 |
||
| 942 |
_2ddc _cBK |
||
| 999 |
_c232271 _d232271 |
||